000 00834nam a2200241 ar4500
001 3034
005 20221127090648.0
008 121231s xxk 0001f|eng d
020 _a9780753819920(pbk) :
_cSR00.00
082 0 4 _a839.8274
_bG11 2005
100 1 _aGaarder, Jostein.
245 1 4 _aThe orange girl /
_cJostein Gaarder ; translated byJames Anderson.
260 _aLondon :
_bPhoenix,
_c2005.
300 _a151 p. ;
_c20 cm.
500 _aOriginally published by: Weidenfed # Nicolson, 2004.
546 _aTranslated from the Norwegian.
650 4 _aDetective and mystery stories.
650 4 _aNorwegian fiction
_xTranslations into English.
650 4 _aNorwegian literature
_y20th century.
650 4 _aEnglish fiction
_xForeign countries.
650 4 _aFathers and sons
_vFiction.
700 0 _aAnderson, James,
_etr.
999 _c3032
_d3032